Espejo de sombras / (Record no. 111705)

MARC details
000 -LEADER
campo de control de longitud fija 01039cam a2200313Li 4500
001 - NÚMERO DE CONTROL
campo de control 86526
005 - FECHA Y HORA DE LA ÚLTIMA TRANSACCIÓN
campo de control 20230411090045.0
008 - DATOS DE LONGITUD FIJA--INFORMACIÓN GENERAL
campo de control de longitud fija 790101s1978 sp 000 0 und d
035 ## - NÚMERO DE CONTROL DEL SISTEMA
Número de control de sistema (OCoLC)ocn462073942
040 ## - FUENTE DE CATALOGACIÓN
Centro catalogador/agencia de origen BDF
Lengua de catalogación fre
Centro/agencia transcriptor BDF
015 ## - NÚMERO DE BIBLIOGRAFÍA NACIONAL
Número de bibliografía nacional 57811516
Fuente bnf
016 7# - NÚMERO DE CONTROL DE UNA AGENCIA BIBLIOGRÁFICA NACIONAL
Número de control del registro FRBNF352319750000003
Fuente FrPBN
020 ## - NÚMERO INTERNACIONAL ESTÁNDAR DEL LIBRO
Número Internacional Estándar del Libro 8470174819
020 ## - NÚMERO INTERNACIONAL ESTÁNDAR DEL LIBRO
Número Internacional Estándar del Libro 9788470174810
035 ## - NÚMERO DE CONTROL DEL SISTEMA
Número de control de sistema (OCoLC)462073942
049 ## - FONDOS LOCALES (OCLC)
Biblioteca depositaria GRAL
100 1# - ENTRADA PRINCIPAL--NOMBRE DE PERSONA
Nombre de persona Blanc, Felicidad.
Relación aut
245 10 - MENCIÓN DEL TÍTULO
Título Espejo de sombras /
Mención de responsabilidad, etc. Felicidad Blanc.
250 ## - MENCION DE EDICION
Mención de edición 3a edición.
260 ## - PUBLICACIÓN, DISTRIBUCIÓN, ETC.
Lugar de publicación, distribución, etc. Barcelona :
Nombre del editor, distribuidor, etc. Argos,
Fecha de publicación, distribución, etc. 1977.
300 ## - DESCRIPCIÓN FÍSICA
Extensión 246 p. _ [24] p. de pl. :
Otras características físicas ill., couv. ill. ;
Dimensiones 20 cm.
856 42 - LOCALIZACIÓN Y ACCESO ELECTRÓNICOS
Materiales especificados Notice et cote du catalogue de la Bibliothéque nationale de France
Identificador Uniforme de Recursos <a href="http://catalogue.bnf.fr/ark:/12148/cb35231975n">http://catalogue.bnf.fr/ark:/12148/cb35231975n</a>
886 1# - INFORMACIÓN DE CAMPO MARC FORÁNEO
2 intermrc
a 009
b ax-x---------------
886 2# - INFORMACIÓN DE CAMPO MARC FORÁNEO
2 intermrc
a 917
b --
o OPL
a 010062979
886 2# - INFORMACIÓN DE CAMPO MARC FORÁNEO
2 intermrc
a 918
b --
o OPL
a 00019325
b MON005
886 2# - INFORMACIÓN DE CAMPO MARC FORÁNEO
2 intermrc
a 919
b --
p FR
o NCG
a C3807450000
942 ## - ELEMENTOS DE ENTRADA SECUNDARIOS (KOHA)
Fuente del sistema de clasificación o colocación Clasificación de Library of Congress
Tipo de ítem Koha
994 ## -
-- C0
-- DRFGD
Holdings
Estatus retirado Estado de pérdida Fuente del sistema de clasificación o colocación Estado de daño No para préstamo Colección Biblioteca de origen Biblioteca actual Ubicación en estantería Fecha de adquisición Código de barras Visto por última vez Copia número Tipo de ítem Koha
    Clasificación de Library of Congress     Automatización y Procesos Técnicos Biblioteca Juan Bosch Biblioteca Juan Bosch Automatización y Procesos Técnicos (1er. Piso) 11/04/2023 00000075737 17/02/2019 1